000 01087cam a2200325 i 4500
001 12942588
003 EG-ScBUE
005 20240821090026.0
008 120625s2012 enka f b 001 0 eng d
020 _z9780123847270
040 _aCaPaEBR
_beng
_erda
_cCaPaEBR
_dEG-ScBUE
082 0 4 _222
_a501.4
_bDAV
100 1 _aDavis, Martha,
_eauthor.
245 1 0 _aScientific papers and presentations /
_cMartha Davis, Kaaron J. Davis, Marion M. Dunagan.
250 _aThird edition.
264 1 _aLondon :
_bAcademic Press / Elsevier,
_c2012.
300 _axviii, 342 pages :
_billustrations ;
_c24 cm
336 _2rdacontent
_atext
_btxt
337 _aunmediated
_2rdamedia
_bn
338 _avolume
_bnc
_2rdacarrier
504 _aIncludes bibliographical references and index.
650 7 _aTechnical writing.
_2BUEsh
_95292
650 7 _aCommunication of technical information.
_2BUEsh
_919947
651 _2BUEsh
653 _bBUSADM
_cJanuary2017
655 _vReading book
700 1 _aDavis, Kaaron J.,
_eauthor.
700 1 _aDunagan, Marion M.,
_eauthor.
942 _2ddc
_cBB
999 _c23905
_d23877